| 000 | 00768nam a22001937a 4500 | ||
|---|---|---|---|
| 008 | 160222b xxu||||| |||| 00| 0 eng d | ||
| 082 |
_a700.79 _bP954m |
||
| 110 |
_aPrince Claus Fund Library; _cAmsterdam _d7 september 2002 _94736 |
||
| 245 |
_aOne does not develop people; they develop themselves = _bMensen worden niet ontwikkeld, ze ontwikkelen zichzelf. _cPrince Claus Fund Library |
||
| 246 | _bMensen worden niet ontwikkeld, ze ontwikkelen zichzelf. | ||
| 260 |
_aNederland: _bPrins Claus Fonds, _c2002 |
||
| 300 |
_a32 p. _bill. (col.) _c24 cm. |
||
| 500 | _aTextos en neerlandés e inglés | ||
| 650 |
_94741 _vArte Moderno |
||
| 650 |
_vS. 21 _94742 |
||
| 650 |
_vPremios _94743 |
||
| 700 |
_aBoom, Irma (comp.) _94738 |
||
| 700 |
_aPijnappel, Johan (comp.) _94739 |
||
| 999 |
_c860 _d860 |
||